Torts in a nutshell / (Record no. 1023)
[ view plain ]
| 000 -LEADER | |
|---|---|
| fixed length control field | 00566pam a2200193 a 4500 |
| 001 - CONTROL NUMBER | |
| control field | 16531874 |
| 005 - DATE AND TIME OF LATEST TRANSACTION | |
| control field | 20241111165403.0 |
| 008 - FIXED-LENGTH DATA ELEMENTS--GENERAL INFORMATION | |
| fixed length control field | 101104s2010 mnu 001 0 eng |
| 020 ## - INTERNATIONAL STANDARD BOOK NUMBER | |
| International Standard Book Number | 9780314195005 (pbk.) |
| 050 00 - LIBRARY OF CONGRESS CALL NUMBER | |
| Classification number | KF1250.Z9 |
| Item number | K53 2010 / K527 2010 |
| 100 1# - MAIN ENTRY--PERSONAL NAME | |
| Personal name | Kionka, Edward J., |
| Dates associated with a name | 1939- |
| 245 10 - TITLE STATEMENT | |
| Title | Torts in a nutshell / |
| Statement of responsibility, etc. | by Edward J. Kionka. |
| 250 ## - EDITION STATEMENT | |
| Edition statement | 5th ed. |
| 260 ## - PUBLICATION, DISTRIBUTION, ETC. | |
| Place of publication, distribution, etc. | St. Paul, MN : |
| Name of publisher, distributor, etc. | West/Thomson, |
| Date of publication, distribution, etc. | c2010. |
| 300 ## - PHYSICAL DESCRIPTION | |
| Extent | xxiv, 563 p. ; |
| Dimensions | 19 cm. |
| 500 ## - GENERAL NOTE | |
| General note | Includes index. |
| 650 #0 - SUBJECT ADDED ENTRY--TOPICAL TERM | |
| Topical term or geographic name entry element | Torts |
| Geographic subdivision | United States. |
| 942 ## - ADDED ENTRY ELEMENTS (KOHA) | |
| Source of classification or shelving scheme | Library of Congress Classification |
| Koha item type | Books |
| Edition | 5th Ed. |
| Suppress in OPAC | No |
| 999 ## - | |
| -- | 1023 |
| -- | 1023 |
| Withdrawn status | Lost status | Source of classification or shelving scheme | Damaged status | Not for loan | Collection | Home library | Current library | Shelving location | Date acquired | Total checkouts | Full call number | Barcode | Date last seen | Copy number | Price effective from | Koha item type |
|---|---|---|---|---|---|---|---|---|---|---|---|---|---|---|---|---|
| Library of Congress Classification | Non-fiction | Law Library (Miotso) | Law Library (Miotso) | General stacks | 11/11/2024 | KF1250.Z9K527 KIO | llm00000819 | 11/11/2024 | 1 | 11/11/2024 | Books | |||||
| Library of Congress Classification | Non-fiction | Law Library (Miotso) | Law Library (Miotso) | General stacks | 11/11/2024 | KF1250.Z9K527 KIO | llm00000820 | 11/11/2024 | 2 | 11/11/2024 | Books | |||||
| Library of Congress Classification | Non-fiction | Law Library (Miotso) | Law Library (Miotso) | General stacks | 11/11/2024 | KF1250.Z9K527 KIO | llm00000821 | 11/11/2024 | 3 | 11/11/2024 | Books |